000 00648nam a2200229 a 4500
001 80112
003 BD-RjUL
005 20220724160301.0
008 220724s2019 nyu||||| |||| 00| 0 eng d
020 _a9781138625037
020 _a9781138625044
035 _a(BD-RjUL)80112
040 _aBD-RjUL
_beng
_cBD-RjUL
041 _aeng
082 _223
_a320.5662
_bZEE 2019
100 _a Zehndorfer, Elesa
_94100
245 _aEvolution, politics and charisma :
_bwhy do populists win? /
_cElesa Zehndorfer.
260 _aNew York, NY :
_bRoutledge,
_c©2019
300 _axii, 160 pages ;
_c23 cm.
650 _aPopulism
_94101
942 _2ddc
_cBK
999 _c80112
_d80112